| 000 | 00458nam a2200169 4500 | ||
|---|---|---|---|
| 001 | 108627 | ||
| 003 | ES-MaACL | ||
| 005 | 20230906184657.0 | ||
| 007 | t| | ||
| 008 | 061121s1961 sp r ||||1| spa d | ||
| 100 | 1 |
_aMonreal y Tejada, Luis. _982276 |
|
| 245 | 1 | 0 |
_aZaragoza / _cLuis Monreal y Tejada. |
| 250 | _a1ª. ed. | ||
| 260 |
_aBarcelona : _bNoguer, _c1961. |
||
| 300 |
_a46 p., 20 lám : _bil. ; _c19 cm. |
||
| 852 |
_aES-MaACL _jC-22620 _bR.50930 |
||
| 999 |
_c108627 _d108627 |
||